000 00702cab a2200229 4500
001 ABS60367
008 090401t1999 xxu||||| |||| 00| 0 eng d
035 _a(Sirsi) u92138
041 _aeng
245 _aPlatform Home Loans Ltd and Oyston Shipways Ltd and others
260 _c1999
350 _a0
490 _aWeekly Law Reports
_v[1999] 2 WLR 518-539(23)
650 _aLAW REFORM (CONTRIBUTORY NEGLIGENCE) ACT 1945
650 _aMORTGAGE ARREARS
650 _aNEGLIGENT VALUATION
650 _aPLATFORM HOME LOANS LTD V OYSTON SHIPWAYS LTD AND OTHERS
650 _aREPOSSESSION
690 _aMANAGEMENT-BUSINESS MANAGEMENT-PROFESSIONAL PRACTICE
942 _n0
948 _c17/03/1999
999 _c58413
_d58413